Polymorph Selection of Zeolitic Imidazolate Frameworks via Kinetic and Thermodynamic Control

Elmentve itt :
Bibliográfiai részletek
Szerzők: Balog Edina
Varga Gábor
Kukovecz Ákos
Tóth Ágota
Horváth Dezső
Lagzi István László
Schuszter Gábor
Dokumentumtípus: Cikk
Megjelent: 2022
Sorozat:CRYSTAL GROWTH & DESIGN 22 No. 7
Tárgyszavak:
doi:10.1021/acs.cgd.2c00265

mtmt:32897102
Online Access:http://publicatio.bibl.u-szeged.hu/25536
LEADER 00944nab a2200277 i 4500
001 publ25536
005 20221115094500.0
008 221115s2022 hu o 0|| Angol d
022 |a 1528-7483 
024 7 |a 10.1021/acs.cgd.2c00265  |2 doi 
024 7 |a 32897102  |2 mtmt 
040 |a SZTE Publicatio Repozitórium  |b hun 
041 |a Angol 
100 1 |a Balog Edina 
245 1 0 |a Polymorph Selection of Zeolitic Imidazolate Frameworks via Kinetic and Thermodynamic Control  |h [elektronikus dokumentum] /  |c  Balog Edina 
260 |c 2022 
300 |a 4268-4276 
490 0 |a CRYSTAL GROWTH & DESIGN  |v 22 No. 7 
650 4 |a Kémiai tudományok 
700 0 1 |a Varga Gábor  |e aut 
700 0 1 |a Kukovecz Ákos  |e aut 
700 0 1 |a Tóth Ágota  |e aut 
700 0 1 |a Horváth Dezső  |e aut 
700 0 1 |a Lagzi István László  |e aut 
700 0 1 |a Schuszter Gábor  |e aut 
856 4 0 |u http://publicatio.bibl.u-szeged.hu/25536/1/acs.cgd.2c00265.pdf  |z Dokumentum-elérés